00322nam a2200085Ia 4500008004100000245006500041245002600106260000900132856009500141160523s9999 xx 000 0 und d aSupply Chain Management - Pathways for Research and Practice cEdited by Dilek Onkal c2011 uhttp://www.intechopen.com/books/supply-chain-management-pathways-for-research-and-practice